000 00440nam a22001457a 4500
003 OSt
008 250114b |||||||| |||| 00| 0 eng d
041 _aeng
100 _aSahay, Jagadishwar
_96933
245 _aElements of Agricultural Engineering [Farm Power, Farm Machinery, Farm Processig, Farm Electricity]
250 _a4th Reprint
260 _aDelhi:
_bStandard Publishers and Distributors,
_c2010.
300 _a461p.
942 _cBK
999 _c19026
_d19026